Statistics for WWE Royal Rumble 2009 Entrants Quiz

Click here to take the quiz!

General Stats

  • This quiz has been taken 717 times
  • The average score is 22 of 30

Answer Stats

ENAnswerEL% Correct
8Randy OrtonW
96%
7Triple H29
95%
23Kane24
90%
30Big Show25
89%
16The Undertaker26
89%
1Rey Mysterio20
88%
15Cody Rhodes28
87%
18CM Punk18
83%
10Ted Dibiase Jr.27
82%
13The Miz5
82%
2John Morrison6
81%
27Dolph Ziggler14
76%
17Goldust8
76%
22Kofi Kingston12
74%
5The Great Khali1
74%
11Chris Jericho23
73%
19Mark Henry9
71%
4Montel Vontavious Porter2
71%
28Santino Marella15
70%
3Carlito3
69%
25Rob Van Dam22
67%
24R-Truth17
67%
14Finlay21
61%
6Vladimir Kozlov4
60%
20Shelton Benjamin10
57%
9JTG7
53%
29Hacksaw Jim Duggan16
50%
21William Regal11
49%
12Mike Knox19
47%
26The Brian Kendrick13
43%

Score Distribution

Percentile by Number Answered

Percent of People with Each Score

Your Score History

You have not taken this quiz